Manchester United Top 10 Leaders - Statistics

General Stats
  • This quiz has been taken 519 times
    418 since last reset
  • The average score is 7 of 16
Answer Stats
Goals Apps Player % Correct
253 559 Wayne Rooney
97%
168 963 Ryan Giggs
89%
155 718 Paul Scholes
84%
249 758 Bobby Charlton
80%
7 602 Gary Neville
65%
179 470 George Best
62%
237 404 Denis Law
46%
0 545 David de Gea
44%
33 529 Denis Irwin
33%
163 467 Mark Hughes
25%
179 293 Dennis Viollet
15%
2 539 Alex Stepney
10%
9 688 Bill Foulkes
8%
168 510 Joe Spence
6%
211 424 Jack Rowley
5%
2 535 Tony Dunne
5%
No matching quizzes found
Score Distribution
Percent of People with Each Score
Percentile by Number Answered
Your Score History
You have not taken this quiz since the last reset